Представление документа в формате RUSMARC

ПолеНазваниеЗначение
  Тип записи a
  Библиографический уровень m
001 Контрольный номер RU/CBS_UL/BASE/4fcf05278d0c44f78a2cc80a69ee6534
005 Дата корректировки 20260128141020.6
010 Индекс ISBN __
a ISBN 978-5-9795-2517-4
d Цена 100 р. 00 к.
9 Тираж 30 экз.
100 Данные общей обработки __
a Данные общей обработки 20150217d2015 ||| 0rusy0189 ca
101 Язык документа 0_
a Язык текста rus
102 Страна публикации __
a Страна публикации RU
105 Кодированные данные (монография) __
a Кодированные данные (монография) y###||||000|y
181 Поле кодированных данных: вид содержания _1
a Код вида содержания (ISBD) i#
b Код характеристики содержания (ISBD) #xxe##
d i
g x
h x
i e
2 Код системы (источник кода, отличный от ISBD) isbdcontent
182 Поле кодированных данных: тип средства _1
a Код типа средства (ISBD) n
2 Код системы (источник кода, отличный от ISBD) isbdmedia
200 Заглавие и сведения об ответственности 1_
a Заглавие Прикладные информационные системы (ПИС-2025)
e Сведения, относящиеся к заглавию сборник научных трудов ХI Всероссийской научно-практической конференции с международным участием (Россия, г. Ульяновск, 10 - 19 июня, 2025 г.)
g Последующие сведения об ответственности [ред. кол. Г. Ю. Гуськов, А. А. Романов, А. А. Филиппов, Е. Н. Эгов]
210 Выходные данные 1_
a Место издания Ульяновск
c Издательство УлГТУ
d Дата издания 2025
215 Физическое описание __
a Объем 115, [1] с.
c Иллюстрации/тип воспроизводства ил.
d Формат 20 см.
300 Общие примечания __
a Общие примечания 18+
333 Примечание о целевом назначении __
a Примечание о целевом назначении 18+
606 Тематические рубрики 0_
a Основная рубрика Информационные системы
610 Ключевые слова 0_
a Ключевые слова системы информационные
a Ключевые слова конференции
a Ключевые слова совещания
a Ключевые слова информатика прикладная; обучение машинное; алгоритмы; языки программирования; Python; сообщества; социальные сети
686 Индексы других классификаций __
a Классификационный индекс 32.973.202
2 Код системы ББК
801 Источник записи _0
a Страна RU
b Организация МБУК ЦБС
c Дата составления 20150217
g Правила каталогизации RCR
801 Источник записи _1
a Страна RU
b Организация МБУК ЦБС г. Ульяновска
c Дата составления 20150217
g Правила каталогизации RCR
899 Данные о местонахождении __
i Авторский знак П 75
j Расстановочный фильтр 32.973
901 Тип документа __
t Тип документа m
910 Корректоры записи __
a Корректор записи Мотина